UK Mammals - Statistics

General Stats
  • This quiz has been taken 249 times
  • The average score is 26 of 98
Answer Stats
Mammals % Correct
European Badger
95%
Red Fox
89%
Grey Squirrel
75%
Red Squirrel
75%
Red Deer
73%
Brown Rat
72%
Least Weasel
72%
Eurasian Beaver
67%
European Hedgehog
66%
European Otter
66%
Stoat
66%
Roe Deer
63%
Black Rat
61%
European Rabbit
61%
European Mole
56%
Fallow Deer
55%
Water Vole
53%
House Mouse
51%
Pine Marten
51%
Reeves's Muntjac Deer
51%
Grey Seal
48%
Konik Horse
48%
American Mink
47%
Common Seal
44%
Wild Boar
44%
Harvest Mouse
42%
Scottish Wildcat
40%
Common Bottlenose Dolphin
39%
Orca
39%
Common Shrew
38%
European Hare
37%
Sika Deer
33%
Blue Whale
30%
Harbour Porpoise
30%
Bank Vole
29%
Field Vole
29%
Wood Mouse
29%
Chinese Water Deer
28%
Hazel Dormouse
28%
Humpback Whale
28%
Pygmy Shrew
27%
Walrus
27%
Reindeer
26%
Sperm Whale
26%
Edible Dormouse
25%
Mountain Hare
25%
Water Shrew
23%
Red-Necked Wallaby
18%
Yellow-Necked Mouse
18%
Common Pipistrelle
17%
European Polecat
17%
Greater Horseshoe Bat
15%
Grey Whale
15%
Lesser Horseshoe Bat
14%
Daubenton's Bat
13%
Greater White-Toothed Shrew
13%
Lesser White-Toothed Shrew
13%
Soprano Pipistrelle
13%
Fin Whale
11%
Sei Whale
11%
Serotine Bat
10%
Barbastelle Bat
9%
Brown Long-Eared Bat
9%
Bechstein's Bat
8%
Bowhead Whale
8%
Natterer's Bat
8%
Harp Seal
7%
Nathusius' Pipistrelle
6%
Orkney Vole
6%
Ringed Seal
6%
Whiskered Bat
6%
North Atlantic Right Whale
5%
Risso's Dolphin
5%
Alcathoe Bat
4%
Bearded Seal
4%
Brandt's Bat
4%
Common Noctule
4%
False Killer Whale
4%
Greater Mouse-Eared Bat
4%
Hooded Seal
4%
Leisler's Bat
4%
Striped Dolphin
3%
Common Minke Whale
2%
Cuvier's Beaked Whale
2%
Pygmy Sperm Whale
2%
South American Coati
2%
Atlantic White Sided Dolphin
1%
Geoffroy's Bat
1%
Gervais' Beaked Whale
0%
Hoary Bat
0%
Kuhl's Pipistrelle
0%
Northern Bat
0%
Northern Bottlenose Whale
0%
Parti-Coloured Bat
0%
Short Beaked Common Dolphin
0%
Sowerby's Beaked Whale
0%
True's Beaked Whale
0%
White Beaked Dolphin
0%
No matching quizzes found
Score Distribution
Percent of People with Each Score
Percentile by Number Answered
Your Score History
You have not taken this quiz